Vista normal
Vista MARC
- Rosero Diago, Evelio José,
Entrada Nombre Personal
Número de registros utilizados en: 6
001 - NUMERO DE CONTROL
- campo de control: 30873
003 - IDENTIFICADOR DE NUMERO DE CONTROL
- campo de control: UPN
005 - FECHA Y HORA DE LA ÜLTIMA TRANSACCIÓN
- campo de control: 20210219194418.0
008 - DATOS DE LONGITUD FIJA
- campo de control de longitud fija: nabaccnnaabn|||||||||| b |nc|||||d
035 ## - NUMERO DE CONTROL
- Número de control: UPN11000002979
040 ## - FUENTE DE CATALOGACIÓN
- Lenguaje de catalogación: SPA
- Agencia de transcripción: UPN
053 #4 - NÚMERO DE CLASIFICACIÓN LC
- Número de clasificación elemento-número único o número inicial de tramo: PQ8180.28 O7
100 1# - ENCABEZAMIENTO - NOMBRE PERSONAL
- Nombre personal: Rosero Diago, Evelio José,
- Fechas asociadas con el nombre: 1958-
670 ## - FUENTE EN LA QUE SE LOCALIZARON DATOS
- Cita de la fuente: LC/P
680 ## - NOTA PUBLICA DE ACCESO PÚBLICO
- Frase explicativa de la referencia: Escritor, poeta y periodista colombiano
902 ## - CATALOGADOR
- Catalogador: CAA/090311